| 000 | 00394nam a2200157Ia 4500 | ||
|---|---|---|---|
| 008 | 130318s9999 xx 000 0 und d | ||
| 082 | _a658.048 NAR/M | ||
| 100 | _aNarayan, Sameer | ||
| 245 | _aManaging nonprofit | ||
| 250 | _a2 | ||
| 260 |
_bDaksh Publications _aBihar _c2005 |
||
| 300 | _a179 | ||
| 650 | _aFINANCIAL MANAGEMENT | ||
| 650 | _aMANAGEMENT | ||
| 650 | _aNON-PROFIT ORGANISATIONS | ||
| 999 |
_c1102 _d1102 |
||